00481nam a2200181 a 4500001001300000003000900013005001700022008004100039020002100080082001900101100001900120245005400139260003400193300000800227500003500235505001000270700001900280nice12345678IN_TiNIC20260116012300.0050524s1979 u ka grp 000 0 eng  a0860370402 c000a330.10297bCHA aChapra, Umar M aIslamic Welfare State and Its Role in the Economy aU KbIslamic Foundationc1979 a31p aincludes index and biblioraphy2 aIndex1 aChapra, Umar M